Do you know your Definitions? - Statistics

General Stats
  • This quiz has been taken 10 times
  • The average score is 14 of 41
Answer Stats
Hint Answer % Correct
being able to speak and understand two languages bilingual
100%
impossible to see, not visible invisible
80%
to treat someone unfairly because she is different discriminate
60%
to feel very sad, often caused when someone dies or is missing for a very long time grieve
60%
a fixed amount of food a person is given when there isn't enough ration
60%
a region in which a war is being fought war zone
60%
worried anxious
40%
a group of people you are writing for audience
40%
someone who scares and harasses smaller or weaker people, or people who look different bully
40%
all the people who live or work in a particular area community
40%
to give up something you want and to settle for something that might be second best compromise
40%
the act of protecting against an attack defense
40%
to run away flee
40%
all the things that make you who you are identity
40%
a person who moves permanently from their home country to another country immigrant
40%
the reason why something is done purpose
40%
someone who has been forced to leave a country because of war or for religious or political reasons refugee
40%
feeling relaxed or happy because something difficult has become easier or has stopped relieved
40%
to think of something in your past, to keep something from your past in your mind remember
40%
to become strong and successful again after something bad has happened resilient
40%
something people talk about but that may not be true rumor
40%
to want something you most likely won't get wish
40%
a feeling of intense longing or wanting for something yearning
40%
to think of something to be true, to agree to acceptance
20%
ability to work or perform without making mistakes accuracy
20%
displaying a blend of two different cultures bicultural
20%
to deal with your problems and try to figure out solutions cope
20%
to move from a dangerous place evacuate
20%
full of fear, uneasy, afraid that something bad might happen fearful
20%
kindness generosity
20%
to want something that you are likely to get hope
20%
feeling sad because you are apart from other people, you are alone loneliness
20%
a feeling when you suffer a lot or are very unhappy misery
20%
someone who doesn't belong to a particular group outsider
20%
rate of performance or delivery, or speed pace
20%
to walk through an area to make sure it's safe patrol
20%
a strong feeling that something is about to happen, especially something unpleasant premonition
20%
a sign that something good will happen promising
20%
to remember someone or something because of a connection with that person remind
20%
to leave someone, or to be stuck in a place from which you can't leave stranded
20%
religious beliefs faith
0%
No matching quizzes found
Score Distribution
Percent of People with Each Score
Percentile by Number Answered
Your Score History
You have not taken this quiz